000 00979nas a2200253 454500
001 5369
005 20260407193504.0
008 260407s1972####ag###########|||spa#d
003 AR-UNSa-BCEJYS
040 _aAR-UNSa-BCEJYS
_bspa
_cAR-UNSa-BCEJYS
080 _a339.96
_xAyuda al desarrollo como forma de cooperación económica
245 1 0 _aDerecho de la integración
264 1 _aBuenos Aires :
_bInstituto para la Integración de América Latina (INTAL)
_c1972
310 _aFrecuencia: Cuatrimestral Cambia de Director a partir del Vol 8, Nº 20, por Eduardo White
942 _cSER
590 _aniveau_biblio:s niveau_hierar:1
100 1 _aPeña, Félix
650 _aDesarrollo económico y social
650 _aRelaciones internacionales
650 _aIntegración económica
650 _aCooperación internacional
650 _aECONOMIA
856 4 1 _uhttps://biblioeco.unsa.edu.ar/pmb/images/revistas/Derecho de la Integracion.jpg
_yImagen de portada
_qimage/jpeg
999 _c8423
_d8423